01279cam a22003134a 4500999001700000001000900017005001700026008004100043010001700084020002800101020004400129020002300173040001800196042000800214050002200222100002100244245010300265250001200368260003600380300006100416440006800477500002000545538017200565650002700737700002700764700002400791942003100815952011900846 c16688d166881270258220161116114953.0020313s2003 maua 001 0 eng  a 2002023550 a0072469749 (alk. paper) a0071151036 (international : alk. paper) a0072469854 (CDROM) aDLCcDLCdDLC apcc00aHG4026b.R67 20031 aRoss, Stephen A.10aFundamentals of corporate finance /cStephen A. Ross, Randolph W. Westerfield, Bradford D. Jordan. a6th ed. aBoston. :bMcGraw-Hill,cc2003. axxxi, 776, 45 p. :bcol. ill. ;c26 cm.e1 computer disc 0aMcGraw-Hill/Irwin series in finance, insurance, and real estate aIncludes index. aSystem requirements for accompanying disc: IBM-compatible PC or 100% compatible with a 486/66 MHz processor, 16MB of RAM and 3MB hard-disk space, Double speed CD-ROM. 0aCorporationsxFinance.1 aWesterfield, Randolph.1 aJordan, Bradford D. 2lcccBOOKShRF51 .O86 1994 00102lcc4070aMUCbMUCcGENd2016-11-16eDonation(BFA)l0oRF51 .O86 1994p28069r2019-06-07w2016-11-16yBOOKS